Normal view
MARC view
- Rosenberger, Gerhard.
Entry Personal Name
001 - CONTROL NUMBER
- control field: 38371
003 - CONTROL NUMBER IDENTIFIER
- control field: OSt
005 - DATE AND TIME OF LATEST TRANSACTION
- control field: 20190417133913.0
008 - FIXED-LENGTH DATA ELEMENTS
- fixed length control field: 190417|| aca||aabn | a|a d
040 ## - CATALOGING SOURCE
- Original cataloging agency: OSt
- Transcribing agency: OSt
100 ## - HEADING--PERSONAL NAME
- Personal name: Rosenberger, Gerhard.
670 ## - SOURCE DATA FOUND
- Source citation: Work cat.: (OSt): Fine, Benjamin. 38366, Algebra and number theory :, ©2017.
